000
00310nam a22001337a 4500
008
170927b xxu||||| |||| 00| 0 eng d
020
_a
9781557984999
041
_a
eng
080
_a
37
100
_a
47
101
_a
EDU
245
_a
STUDY STRATEGIES FOR LIFELONG LEARNING
_c
WEINSTEIN,C.E
942
_2
udc
_c
BK
999
_c
30295
_d
30295